LDR 01041nam a2200241 i 4500 001 000000059525 003 CaOOAMICUS 005 20260115080808.0 008 120413s1902 it u000 u ita u 013 $a30697 040 $aSeMil$bita 100 1 $aRiva, Giuseppe$b
.$0(OLS)http://semarc/name/89791 245 10$aManuale di Filotea /$cdel sacerdote milanese Giuseppe Riva. 250 $a37. ed. pubblicata in pieno accordo con gli eredi dell'autore 260 $aBergamo :$bIstituto Italiano d'Arti Grafiche,$c1902. 300 $a1046 p., [5] c. di tav. ;$c15 cm. 650 4$aCristianesimo - Libri di preghiere e devozione italiani.$0(OLS)http://semarc/subject/1222 850 $aSeMil 852 $aSeMil$W1$xVenegono$y1$m2D I 154$j25678$B25678$CSeMilBibl$Z2$F25681 $81 961 $aOmaggio: Oggioni don Costantino 996 $6245$aManuale di Filotea$9(OLS)http://semarc/title/63029 996 $6260$aBergamo :$bIstituto Italiano d'Arti Grafiche$9(OLS)http://semarc/publisher/29676